La compta ... sans comptes (notice n° 1554410)
[ vue normale ]
| 000 -LEADER | |
|---|---|
| fixed length control field | 01195cam a2200277zu 4500 |
| 003 - CONTROL NUMBER IDENTIFIER | |
| control field | FRCYB10104050 |
| 005 - DATE AND TIME OF LATEST TRANSACTION | |
| control field | 20251020123501.0 |
| 008 - FIXED-LENGTH DATA ELEMENTS--GENERAL INFORMATION | |
| fixed length control field | 251020s2005 fr | o|||||0|0|||fre d |
| 020 ## - INTERNATIONAL STANDARD BOOK NUMBER | |
| International Standard Book Number | 9782847690538 |
| 035 ## - SYSTEM CONTROL NUMBER | |
| System control number | FRCYB10104050 |
| 040 ## - CATALOGING SOURCE | |
| Original cataloging agency | FR-PaCSA |
| Language of cataloging | fr |
| Transcribing agency | |
| Description conventions | rda |
| 100 1# - MAIN ENTRY--PERSONAL NAME | |
| Personal name | Pottier, François |
| 245 01 - TITLE STATEMENT | |
| Title | La compta ... sans comptes |
| Statement of responsibility, etc. | ['Pottier, François'] |
| 264 #1 - PRODUCTION, PUBLICATION, DISTRIBUTION, MANUFACTURE, AND COPYRIGHT NOTICE | |
| Name of producer, publisher, distributor, manufacturer | EMS Editions |
| Date of production, publication, distribution, manufacture, or copyright notice | 2005 |
| 300 ## - PHYSICAL DESCRIPTION | |
| Extent | p. |
| 336 ## - CONTENT TYPE | |
| Content type code | txt |
| Source | rdacontent |
| 337 ## - MEDIA TYPE | |
| Media type code | c |
| Source | rdamdedia |
| 338 ## - CARRIER TYPE | |
| Carrier type code | c |
| Source | rdacarrier |
| 520 ## - SUMMARY, ETC. | |
| Summary, etc. | En appréhendant directement les conséquences des opérations de l'entreprise sur ses bilans et compte de résultat, sans utiliser les écritures comptables, cet ouvrage apporte au lecteur une vision synthétique de la comptabilité, lui permettant d'identifier immédiatement les conséquences de chaque décision sur la santé financière de l'entreprise. Cette deuxième édition est conforme aux nouvelles normes IFRS. |
| 650 #0 - SUBJECT ADDED ENTRY--TOPICAL TERM | |
| Topical term or geographic name entry element | |
| 700 0# - ADDED ENTRY--PERSONAL NAME | |
| Personal name | Pottier, François |
| 856 40 - ELECTRONIC LOCATION AND ACCESS | |
| Access method | Cyberlibris |
| Uniform Resource Identifier | <a href="https://international.scholarvox.com/netsen/book/10104050">https://international.scholarvox.com/netsen/book/10104050</a> |
| Electronic format type | text/html |
| Host name | |
Pas d'exemplaire disponible.




Réseaux sociaux